War child : (Record no. 3049)

MARC details
000 -LEADER
fixed length control field 02852cam a22004094a 4500
001 - CONTROL NUMBER
control field 3049
003 - CONTROL NUMBER IDENTIFIER
control field FISKH
005 - DATE AND TIME OF LATEST TRANSACTION
control field 20240201103241.0
008 - FIXED-LENGTH DATA ELEMENTS--GENERAL INFORMATION
fixed length control field 080627s2009 nyu 000 0aeng
010 ## - LIBRARY OF CONGRESS CONTROL NUMBER
LC control number 2008028967
020 ## - INTERNATIONAL STANDARD BOOK NUMBER
International Standard Book Number 9780312383220
020 ## - INTERNATIONAL STANDARD BOOK NUMBER
International Standard Book Number 0312383223
020 ## - INTERNATIONAL STANDARD BOOK NUMBER
International Standard Book Number 9781408700051
040 ## - CATALOGING SOURCE
Original cataloging agency DLC
Transcribing agency DLC
Modifying agency DLC
Language of cataloging eng
043 ## - GEOGRAPHIC AREA CODE
Geographic area code f-sj---
050 00 - LIBRARY OF CONGRESS CALL NUMBER
Classification number DT157.672
Item number .J35 2009
082 00 - DEWEY DECIMAL CLASSIFICATION NUMBER
Classification number 962.404/3
-- B
Edition number 22
100 1# - MAIN ENTRY--PERSONAL NAME
Personal name Jal, Emmanuel
245 10 - TITLE STATEMENT
Title War child :
Remainder of title a child soldier's story /
Statement of responsibility, etc. Emmanuel Jal with Megan Lloyd Davies.
260 ## - PUBLICATION, DISTRIBUTION, ETC.
Place of publication, distribution, etc. London :
Name of publisher, distributor, etc. Abacus,
Date of publication, distribution, etc. 2009
300 ## - PHYSICAL DESCRIPTION
Extent 262 pages ;
Dimensions 24 cm.
520 ## - SUMMARY, ETC.
Summary, etc. In the mid-1980s, Emmanuel Jal was a seven year old Sudanese boy, living in a small village with his parents, aunts, uncles, and siblings. But as Sudan's civil war moved closer - with the Islamic government seizing tribal lands for water, oil, and other resources, Jal's family moved again and again, seeking peace. Then, on one terrible day, Jal was separated from his mother, and later learned she had been killed; his father Simon rose to become a powerful commander in the Christian Sudanese Liberation Army, fighting for the freedom of Sudan. Soon, Jal was conscripted into that army, one of 10,000 child soldiers, and fought through two separate civil wars over nearly a decade. But, remarkably, Jal survived, and his life began to change when he was adopted by a British aid worker. He began the journey that would lead him to change his name and to music: recording and releasing his own album, which produced the number one hip-hop single in Kenya, and from there went on to perform with Moby, Bono, Peter Gabriel, and other international music stars. Shocking, inspiring, and finally hopeful, War Child is a memoir by a unique young man, who is determined to tell his story and in so doing bring peace to his homeland.
600 10 - SUBJECT ADDED ENTRY--PERSONAL NAME
Personal name Jal, Emmanuel
General subdivision Childhood and youth.
650 #0 - SUBJECT ADDED ENTRY--TOPICAL TERM
Topical term or geographic name entry element Child soldiers
Geographic subdivision Sudan
Form subdivision Biography.
650 #0 - SUBJECT ADDED ENTRY--TOPICAL TERM
Topical term or geographic name entry element Rap musicians
Form subdivision Biography.
650 #0 - SUBJECT ADDED ENTRY--TOPICAL TERM
Topical term or geographic name entry element Political activists
Form subdivision Biography.
651 #0 - SUBJECT ADDED ENTRY--GEOGRAPHIC NAME
Geographic name Sudan
General subdivision History
Chronological subdivision Civil War, 1983-2005
Form subdivision Personal narratives.
651 #0 - SUBJECT ADDED ENTRY--GEOGRAPHIC NAME
Geographic name Sudan
General subdivision History
Chronological subdivision Civil War, 1983-2005
General subdivision Children
Form subdivision Biography.
651 #0 - SUBJECT ADDED ENTRY--GEOGRAPHIC NAME
Geographic name Sudan
General subdivision History
Chronological subdivision Civil War, 1983-2005
General subdivision Refugees
Form subdivision Biography.
700 1# - ADDED ENTRY--PERSONAL NAME
Personal name Lloyd-Davies, Megan.
856 42 - ELECTRONIC LOCATION AND ACCESS
Materials specified Publisher description
Uniform Resource Identifier <a href="http://www.loc.gov/catdir/enhancements/fy0902/2008028967-d.html">http://www.loc.gov/catdir/enhancements/fy0902/2008028967-d.html</a>
856 42 - ELECTRONIC LOCATION AND ACCESS
Materials specified Contributor biographical information
Uniform Resource Identifier <a href="http://www.loc.gov/catdir/enhancements/fy0905/2008028967-b.html">http://www.loc.gov/catdir/enhancements/fy0905/2008028967-b.html</a>
856 41 - ELECTRONIC LOCATION AND ACCESS
Materials specified Sample text
Uniform Resource Identifier <a href="http://www.loc.gov/catdir/enhancements/fy1201/2008028967-s.html">http://www.loc.gov/catdir/enhancements/fy1201/2008028967-s.html</a>
906 ## - LOCAL DATA ELEMENT F, LDF (RLIN)
a 7
b cbc
c orignew
d 1
e ecip
f 20
g y-gencatlg
942 ## - ADDED ENTRY ELEMENTS (KOHA)
Source of classification or shelving scheme Dewey Decimal Classification
Koha item type Books
Suppress in OPAC No
Holdings
Withdrawn status Lost status Source of classification or shelving scheme Damaged status Not for loan Collection Home library Current library Shelving location Date acquired Total Checkouts Full call number Barcode Date last seen Price effective from Koha item type
    Dewey Decimal Classification     Non-Fiction Footprints International School Library Network Toul Kork Campus Footprints International School Library Network Toul Kork Campus   02/01/2024   JAL 962.4043 DT157.J35 2024-0071 02/01/2024 02/01/2024 Books